000 01555cam a2200337 4500
999 _c330815
_d330815
001 16554949
003 NUST
005 20170809104322.0
008 101129s2010 pk ab b 001 0 eng
010 _a 2010342467
020 _a9780195477238
037 _bLibrary of Congress -- Islamabad Overseas Office
_cRs 1295
040 _aDLC
_cDLC
042 _alcode
_apcc
043 _aa-pk---
050 0 0 _aHN690.5.M64
_bE35 2010
082 _a307.76254914
_bEGL
100 1 _aEglar, Zekiye Suleyman,
_d1910-1983.
_93856
245 1 2 _aA Punjabi village in Pakistan :
_bperspectives on community, land, and economy /
_cZekiye Eglar ; preface by Mary Catherine Bateson ; introduction by Beena Sarwar ; afterword by Shahla Haeri.
260 _aKarachi :
_bOxford University Press,
_c2010.
300 _axix, 475 p.
_bill., maps ;
_c22 cm.
504 _aIncludes bibliographical references (p. [460]-462) and index.
505 0 _abk. 1. A Punjabi village in Pakistan -- bk. 2. The economic life of a Punjabi village / by Zekiye Eglar, [with Fazal Ahmad Chowdhry].
650 0 _aVillages
_zPakistan
_zPunjab
_vCase studies.
_93857
651 0 _aMohla (Pakistan)
_xSocial conditions.
_93858
651 0 _aPunjab (Pakistan)
_xRural conditions
_vCase studies.
_93859
651 0 _aPunjab (Pakistan)
_xEconomic conditions
_vCase studies.
_93860
700 1 2 _aEglar, Zekiye Suleyman,
_d1910-1983.
_tEconomic life of a Punjabi village.
_93861
700 1 _aChowdhry, Fazal Ahmed.
_93862
906 _a7
_bcbc
_corigode
_d3
_encip
_f20
_gy-gencatlg
942 _2ddc
_cBK